Statistics for European General Knowledge #1

Click here to take the quiz!

General Stats

  • This quiz has been taken 853 times
  • The average score is 7 of 20

Answer Stats

QuestionAnswer% Correct
Which Roman emperor burned Rome?Nero
71%
Which country was first European country which won FIFA World Cup?Italy
67%
What is tne name of the legendary sword of King Arthur?Excalibur
65%
What is second biggest European river?Danube
63%
What is the capital city of the smallest European republic?San Marino
54%
What is the most popular Czech automobile manufacturer?Škoda Auto
47%
Which city is Danzig?Gdańsk
42%
Who is the ingenious gentleman of La Mancha?Don Quixote
41%
Which former country started WWI?Austria-Hungary
40%
What is the most known book written by Antoine de Saint-Exupéry?The Little Prince
39%
Swiss official language along with French, German and Italian.Romansh
37%
Who wrote The Trial (Der Process)?Franz Kafka
27%
Who was the first female gymnast to be awarded a perfect score of 10 in an Olympic gymnastic event?Nadia Comăneci
24%
What country share Ural river with Russia?Kazakhstan
23%
What is the name of EU anthem?Ode to Joy
22%
Who is the first known European explorer to reach New Zealand?Abel Tasman
19%
Where the first chocolate store ever was open?London
18%
Inernational Olympic Commitee hadquarters city.Lausanne
14%
Who is only one Euopean member of Metallica?Lars Ulich
11%
Which heraldic symbol is dominant in Scottish flag?St Andrew's Cross
11%

Score Distribution

Percentile by Number Answered

Percent of People with Each Score

Your Score History

You have not taken this quiz